00757nam a22002177a 45000010005000000030009000050050017000140070005000310080030000360400022000660820031000881000032001192450152001512600037003033000021003406500029003616500026003906510040004167000043004567100040004997841DO-SdBNP20240415094445.07841160921b2013 mx || 00| 0 spa d bBPMSUcspadBPMSU 4a320.97284 bS194b 20132221 aSánchez Cerén, Salvador13aEl buen vivir en el Salvador :bconstruyendo un nuevo paradigma /cSalvador Sánchez Cerén ; colaboradores Luis Armando González... [y otros] aMéxico : bLos planes, c2013 a40 p. ;b23 cm.  4aIntegración social x  4aDesarrollo sostenible 4aEl Salvador xPolítica y gobierno1 aGonzález, Luis Armandoecolaborador  aBiblioteca Nacional de El Salvador